| 000 | 00551nam a22001817a 4500 | ||
|---|---|---|---|
| 003 | OSt | ||
| 005 | 20251120133455.0 | ||
| 008 | 251120b |||||||| |||| 00| 0 eng d | ||
| 020 | _a971-10-0662-6. | ||
| 040 |
_aDWCL-Main lib _cOC |
||
| 082 | _aGr. 361.3 D321d 1988 | ||
| 100 | _aDe Guzman, Leonora S. | ||
| 245 |
_aDictionary of social work : _bPhilippine Setting _cDe Guzman, Leonora S. |
||
| 260 |
_aQuezon City : _bNew Day Publishers, _cc1988. |
||
| 300 |
_a108 pages ; _c22 cm. |
||
| 650 | _21. Social work-Dictionaries. | ||
| 942 |
_2ddc _cGR _kGr. _n0 |
||
| 999 |
_c5884 _d5884 |
||